Normal view
MARC view
- URDU POETRY-KULYAT-E-IQBAL
Entry Topical Term
001 - CONTROL NUMBER
- control field: 63412
003 - CONTROL NUMBER IDENTIFIER
- control field: NUST
005 - DATE AND TIME OF LATEST TRANSACTION
- control field: 20210628203121.0
008 - FIXED-LENGTH DATA ELEMENTS
- fixed length control field: 210628|| aca||aabn | a|a d
040 ## - CATALOGING SOURCE
- Original cataloging agency: NUST
- Transcribing agency: NUST
150 ## - HEADING--TOPICAL TERM
- Topical term or geographic name entry element: URDU POETRY-KULYAT-E-IQBAL
670 ## - SOURCE DATA FOUND
- Source citation: Work cat.: (NUST): Dr Muhammad Iqbal 29806, Kulyat-e-iqbal, 1999
